00501nam a2200145Ia 4500020001800000082001800018100002300036245010700059260004100166300001500207504003600222650001500258650004100273650004100314 a9781412974967 a001.422 PEA-S aPearson, Robert W. 0aStatistical persuasion: how to collect, analyze and present data accurately, honestly and persuasively aLos AngelesbSage Publicationsc2010 axviii, 405 aincludes bibliography and index aStatistics aSocial sciencesvStatistical methods aDecision makingvStatistical methods